Una experiencia interdisciplinaria; "la escuela secundaria y el sentido de la vida" /
Guardado en:
| Autor Principal: | |
|---|---|
| Formato: | Libro |
| Publicado: |
Buenos Aires :
Stella,
1988
|
| Series: | Cuadernos Pedagógicos, 5
|
| Materias: | |
| Etiquetas: |
Agregar Etiqueta
Sin Etiquetas, Sea el primero en etiquetar este registro!
|
| LEADER | 00788nam a22002055a 4500 | ||
|---|---|---|---|
| 001 | CEM.cems001389 | ||
| 005 | 20060214000000.0 | ||
| 008 | 130507s1988##################000#0#####d | ||
| 003 | CEMS | ||
| 082 | 0 | 4 | |a 371.3 |
| 100 | 1 | |a Cantero, Carlos Raúl | |
| 245 | 1 | 0 | |a Una experiencia interdisciplinaria; "la escuela secundaria y el sentido de la vida" / |c Carlos Raúl Cantero |
| 260 | |a Buenos Aires : |b Stella, |c 1988 | ||
| 300 | |a 32 p. | ||
| 490 | 0 | |a Cuadernos Pedagógicos, 5 | |
| 505 | 0 | |a Análisis críticos.- Propuestas: fundamentación: la educación como una propuesta al sentido de la vida.- Transformaciones estructurales del sistema.- | |
| 653 | |a Educacion | ||
| 653 | |a Educacion y vida | ||
| 653 | |a Interdisciplinaridad | ||
| 859 | |a CEMS |b BIB. CEMS - 11 de abril |h 371.3 |i C163 |p 15803.90 |t Ej.1 | ||
